| 000 | 02310nam0a22004091 4500 | ||
|---|---|---|---|
| 001 | rc\80781 | ||
| 005 | 20260406094412.0 | ||
| 010 |
_bБ.ц. _dб.ц. _96000 |
||
| 021 |
_aRU _b97-8962 |
||
| 035 | _a(NLR Aleph) 009036215 | ||
| 090 |
_a9521425 _c9521425 |
||
| 100 | _a20021216d1997 |||y0rusy50 ca | ||
| 101 | 0 | _arus | |
| 102 | _aRU | ||
| 105 | _aa z|||||||b | ||
| 200 | 1 |
_a"Пастырь добрый" _eжизнь и труды московского старца протоиерея А. Мечева _e[сборник _fсост. С. Фомин _gвступ. ст. С. Дурылина] |
|
| 210 |
_aМосква _cПаломник _cТУГА _d1997 |
||
| 215 |
_a781, [1] с., [16] л. ил. _d24 |
||
| 225 | 1 | _aРусское православие XX века | |
| 300 | _aЗагл. корешка: Протоиерей Алексей Мечев | ||
| 320 | _aБиблиогр. в примеч.: с. 667-778 | ||
| 327 | 1 | _aСодерж. разделы: Из наследия о. Алексия Мечева. Воспоминания об о. Алексии Мечеве. Кончина о. Алексия Мечева | |
| 464 | 0 |
_12001#$aИз наследия отца Алексия Мечева _tИз наследия отца Алексия Мечева |
|
| 464 | 0 |
_12001#$aКончина отца Алексия Мечева _tКончина отца Алексия Мечева |
|
| 464 | 0 |
_12001#$aВоспоминания об отце Алексии Мечеве _tВоспоминания об отце Алексии Мечеве |
|
| 516 | 1 |
_aПротоиерей Алексей Мечев _zrus |
|
| 606 | 1 |
_aМонашество _yРоссия _z19 - 20 вв. _92165004 _3RU\NLR\AUTH\661302731 |
|
| 686 | 0 |
_aЭ372.24-64 _2rubbk |
|
| 702 | 1 |
_4220 _8rus _7ca _aФомин _bС. В. _cпублицист _f1951- _gСергей Владимирович _3RU\NLR\AUTH\777459 _9117393 |
|
| 702 | 1 |
_4080 _8rus _aДурылин _bС. Н. _f1886-1954 _gСергей Николаевич _3RU\NLR\AUTH\7768701 _951629 |
|
| 702 | 1 |
_4570 _8rus _7ca _aМечев _bА. А. _f1859-1923 _gАлексей Алексеевич _3RU\NLR\AUTH\7713288 _9122981 |
|
| 801 | 0 |
_aRU _bNLR _gpsbo |
|
| 801 | 1 |
_aRU _bELAR _2rusmarc |
|
| 801 | 2 |
_aRU _bNLR _c20130619 _2rusmarc |
|
| 852 |
_aNLR _j97-7/959 |
||
| 942 | _cBOOK | ||
| 980 | _aNB | ||